Quiz House of the dragon - Statistiques

Statistiques générales
  • Ce quiz a été pris 433 fois
    425 depuis la dernière actualisation
  • Le résultat moyen est 14 sur 15
Statistiques - réponses
Question Réponse % Correct
Quelle relation lie Alicent Hightower et Rhaenyra Targaryen au début de la série ? Elles sont amies
98%
Qui épouse Rhaenyra Targaryen dans un mariage arrangé par son père ? Laenor Velaryon
97%
Quel personnage épouse Alicent Hightower ? Viserys Targaryen
97%
Qui est le mari de Laena Velaryon, la sœur de Laenor ? Daemon Targaryen
96%
Qui épouse Daemon Targaryen après la mort de Laena ? Rhaenyra Targaryen
95%
Qui est le Roi au début de la série ? Viserys Targaryen
95%
Quels sont les prénoms des fils de Rhaenyra Targaryen ? Jacaerys, Joffrey, Lucerys
94%
Quel dragon appartient à Daemon Targaryen ? Caraxes
93%
Quel dragon appartient à Aemond Targaryen ? Vhagar
93%
Quel personnage est marié à Helaena Targaryen ? Aegon Targaryen
92%
Quel est le nom de la première épouse de Viserys I ? Aemma Arryn
92%
Comment s'appelle la guerre civile entre les partisans de Rhaenyra et ceux d'Aegon II ? La Danse des Dragons
91%
Quel dragon appartient à Rhaenyra ? Syrax
91%
Quel est le nom du fils aîné de Rhaenyra ? Jacaerys
90%
Qui sont les parents de Helaena Targaryen ? Alicent et Viserys
89%
Aucun quiz correspondant
Distribution des résultats
% des personnes avec chaque résultat
Percentile par nombre de réponses
Votre historique - résultats
Vous n’avez pas pris ce quiz depuis la dernière actualisation